000
00269nam a2200121Ia 4500
008
190216s9999||||xx |||||||||||||| ||und||
100
_a
Null
245
0
_a
Tripple Ax
260
_b
C I C C Book House
_c
1989
300
_a
242p
650
_a
Malayalam Novel
942
_c
BK
999
_c
27557
_d
27557